| 000 | 00536nam a2200169Ia 4500 | ||
|---|---|---|---|
| 008 | 230714s9999 xx 000 0 und d | ||
| 020 | _a9780000000000 | ||
| 041 | _aeng | ||
| 082 |
_a006.31 _bBON |
||
| 100 |
_aBonnin R. _9201091 |
||
| 245 |
_aMachine Learning For Developers _bUplift Your Regular Applications With The Power Of Statistics, Analytics, And Machine Learning |
||
| 260 |
_c2017 _bPackt |
||
| 300 | _a250 | ||
| 365 |
_cRs. _b799.00 |
||
| 700 |
_aBonnin R. _9201091 |
||
| 906 |
_dO:0611514-Sep-2018B:TI/201800260 _cTIT _b2397 |
||
| 999 |
_c224094 _d224094 |
||